000 00351nam a22001217a 4500
020 _a1590594975
082 _222
_a005.52
100 _aGood, Nathan A.
245 _aRegular expression recipes for windows developers :
_ba problem solution approach /
260 _aCalifornia,
_bApress,
_cc2005.
300 _axi, 359p. ;
_bill. ;
_c23 cm.
942 _2ddc
_cIT
999 _c1531
_d1531